[Event "FIDE TURNIR 2014"]
[Site "Ljubljana"]
[Date "2014.04.07"]
[Round "1.28"]
[White "Ocepek, Jan"]
[Black "Paternoster, Darja"]
[Result "0-1"]
[WhiteElo "1342"]
[BlackElo "1513"]
[PlyCount "64"]
[EventDate "2014.04.09"]

1. e4 c5 2. Nf3 Nc6 3. d4 b6 4. Nc3 g6 5. Bc4 Bg7 6. d5 Nd4 7. O-O d6 8. Be3
Bg4 9. Bxd4 cxd4 10. Nb1 d3 11. c3 Rb8 12. Bb5+ Bd7 13. Bxd3 b5 14. Nbd2 Nf6
15. Rc1 O-O 16. b3 Qa5 17. Rc2 Rbc8 18. b4 Qb6 19. Qb1 a5 20. bxa5 Qxa5 21. Qb4
Qxb4 22. cxb4 Rxc2 23. Bxc2 Ra8 24. Ra1 Nxe4 25. Rc1 Nc3 26. Bd3 Nxa2 27. Rb1
Nc3 28. Rc1 Bf5 29. Bxf5 gxf5 30. Re1 Nxd5 31. h3 Bc3 32. Rc1 Bxb4 0-1

[Event "FIDE TURNIR 2014"]
[Site "Ljubljana"]
[Date "2014.04.09"]
[Round "2.1"]
[White "Unuk, Laura"]
[Black "Malkoc, Tilen"]
[Result "1-0"]
[WhiteElo "2046"]
[BlackElo "1410"]
[PlyCount "43"]
[EventDate "2014.04.09"]

1. c4 e6 2. Nf3 Nf6 3. g3 d5 4. d4 c6 5. Bg2 Bd6 6. O-O O-O 7. Nc3 Qe7 8. Qc2
a6 9. e4 dxe4 10. Ng5 h6 11. Ngxe4 Nbd7 12. Nxd6 Qxd6 13. Rd1 Qc7 14. h3 Rd8
15. Bf4 Qa5 16. d5 exd5 17. cxd5 c5 18. a3 Nf8 19. Na4 b6 20. Bc7 Rd7 21. Bxb6
Qb5 22. Bf1 1-0

[Event "FIDE TURNIR 2014"]
[Site "Ljubljana"]
[Date "2014.04.09"]
[Round "2.2"]
[White "Pridigar, Lovro"]
[Black "Mlacnik, Janez"]
[Result "1/2-1/2"]
[WhiteElo "1660"]
[BlackElo "1866"]
[PlyCount "114"]
[EventDate "2014.04.09"]

1. d4 e6 2. Nf3 d5 3. e3 Nf6 4. Bd3 b6 5. Nbd2 Bb7 6. b3 Bb4 7. Bb2 Ne4 8. a3
Bxd2+ 9. Nxd2 Qg5 10. O-O O-O 11. Nf3 Qe7 12. Ne5 f6 13. f3 fxe5 14. fxe4 Rxf1+
15. Qxf1 dxe4 16. Bc4 Nd7 17. dxe5 Rf8 18. Qe2 Bd5 19. Rf1 Rxf1+ 20. Qxf1 Qc5
21. Bd4 Bxc4 22. Qxc4 Qxc4 23. bxc4 c5 24. Bc3 Kf7 25. Kf2 Kg6 26. g4 Kh6 27.
h4 g5 28. h5 Kg7 29. a4 a5 30. Kg3 Nb8 31. Kf2 Nc6 32. Ke2 Kf7 33. Kd2 Ke8 34.
Ke2 Kd7 35. Kd2 Ne7 36. Ke2 Kc6 37. Bb2 Ng8 38. Kf2 Nh6 39. Kg3 Nf7 40. Bc3 Nd8
41. Kf2 Kd7 42. Ke2 Nc6 43. Kd2 Ke8 44. Ke2 Kf7 45. Kf2 Nb4 46. Bxb4 cxb4 47.
Ke2 Ke7 48. Kd2 Kd7 49. Kc1 Kc6 50. Kb2 h6 51. Kb3 Kb7 52. c3 bxc3 53. Kxc3 Kc6
54. Kb3 Kb7 55. Kc3 Kc7 56. Kd4 Kc6 57. Kc3 Kc7 1/2-1/2

[Event "FIDE TURNIR 2014"]
[Site "Ljubljana"]
[Date "2014.04.09"]
[Round "2.3"]
[White "Drobnic, Milan"]
[Black "Vertacnik, Viktor"]
[Result "1/2-1/2"]
[WhiteElo "1816"]
[BlackElo "1600"]
[PlyCount "51"]
[EventDate "2014.04.09"]

1. c4 e6 2. g3 Nf6 3. Bg2 d5 4. Nc3 Be7 5. Nf3 O-O 6. O-O c6 7. b3 Nbd7 8. d4
Qc7 9. Bf4 Bd6 10. Bxd6 Qxd6 11. Rc1 b6 12. Qc2 Ba6 13. Na4 Rac8 14. Rfd1 c5
15. cxd5 cxd4 16. Qd2 exd5 17. Nxd4 Rfe8 18. e3 Rxc1 19. Rxc1 Rc8 20. Rxc8+
Bxc8 21. Qc2 Bb7 22. Nc3 a6 23. Nce2 Nc5 24. Nf4 Nce4 25. Bh3 Qc5 26. Bf1
1/2-1/2

[Event "FIDE TURNIR 2014"]
[Site "Ljubljana"]
[Date "2014.05.06"]
[Round "2.4"]
[White "Straze, Matija"]
[Black "Markosek, Maj"]
[Result "1-0"]
[WhiteElo "1604"]
[BlackElo "1702"]
[PlyCount "141"]
[EventDate "2014.04.09"]

1. e4 c6 2. d4 d5 3. exd5 cxd5 4. Bd3 Nc6 5. Nf3 Bg4 6. c3 e6 7. O-O Nf6 8.
Nbd2 Bd6 9. Qc2 Bh5 10. h3 a6 11. Qb1 Rc8 12. b3 Bg6 13. Bxg6 hxg6 14. Bb2 O-O
15. Qd3 Nh5 16. c4 Nf4 17. Qb1 Bb8 18. c5 Qc7 19. Re1 Rfe8 20. a3 Qd8 21. Bc3
Qf6 22. b4 g5 23. Ne5 Bxe5 24. dxe5 Qd8 25. Nf3 d4 26. Bd2 Qd5 27. Qe4 f6 28.
exf6 gxf6 29. Bxf4 Qxe4 30. Rxe4 f5 31. Re2 gxf4 32. Rd1 e5 33. Nh4 e4 34. Nxf5
d3 35. Ree1 Re5 36. Nd6 Rd8 37. Rxe4 Rxe4 38. Nxe4 Ne5 39. Nd6 b6 40. Ne4 bxc5
41. Nxc5 Rd6 42. Kf1 Kf7 43. f3 Kg6 44. Kf2 Kf5 45. h4 Kg6 46. g3 fxg3+ 47.
Kxg3 Kf5 48. h5 Rd8 49. h6 d2 50. Ne4 Nc4 51. Nxd2 Kg6 52. h7 Ne3 53. Rh1 Nf5+
54. Kf2 Nh6 55. Nc4 Kxh7 56. Rh5 Rf8 57. Ra5 Rf6 58. Ne3 Kg6 59. Nd5 Rd6 60.
Nc7 Rd2+ 61. Ke3 Rb2 62. Rxa6+ Kg5 63. Ne6+ Kh4 64. Nd4 Nf7 65. f4 Rb1 66. Ke4
Re1+ 67. Kd5 Kg4 68. Rf6 Re7 69. Nc6 Rc7 70. Rxf7 Rxf7 71. Ne5+ 1-0

[Event "FIDE TURNIR 2014"]
[Site "Ljubljana"]
[Date "2014.04.09"]
[Round "2.5"]
[White "Siraj, Vita"]
[Black "Urh, Zala"]
[Result "0-1"]
[WhiteElo "1639"]
[BlackElo "1570"]
[PlyCount "66"]
[EventDate "2014.04.09"]

1. e4 c5 2. Nf3 d6 3. Bc4 Nf6 4. d3 g6 5. Nc3 Bg7 6. Be3 O-O 7. Qd2 Nc6 8. Bh6
Bd7 9. Bxg7 Kxg7 10. O-O a6 11. a4 Na5 12. Ba2 b5 13. axb5 axb5 14. Nd5 Nc6 15.
Qg5 Be6 16. Nh4 h6 17. Qg3 Nd4 18. Kh1 Nxc2 19. Rac1 Rxa2 20. Rxc2 Nxd5 21.
exd5 Bxd5 22. Nf5+ Kh7 23. Ne3 Qa8 24. h3 Ra1 25. Rxa1 Qxa1+ 26. Kh2 Be6 27.
Qh4 Re8 28. f4 Qa4 29. Rf2 Qd4 30. Rf3 Qxb2 31. Rg3 Qf6 32. Rg5 Kg7 33. Ng4
Qxf4+ 0-1

[Event "FIDE TURNIR 2014"]
[Site "Ljubljana"]
[Date "2014.04.09"]
[Round "2.6"]
[White "Sketa, Mark"]
[Black "Lavrih, Domen"]
[Result "1/2-1/2"]
[WhiteElo "1660"]
[BlackElo "1439"]
[PlyCount "93"]
[EventDate "2014.04.09"]

1. e4 e6 2. d4 d5 3. e5 c5 4. c3 Nc6 5. Be3 Nge7 6. Nf3 Qb6 7. Qd2 Nf5 8. Bd3
cxd4 9. cxd4 Nxe3 10. fxe3 Be7 11. O-O O-O 12. a3 Na5 13. Bc2 Nc4 14. Qd3 g6
15. b3 Na5 16. Nbd2 Bd7 17. Rf2 Rac8 18. Raf1 Bb5 19. Nc4 dxc4 20. Qe4 cxb3 21.
Bd3 Bxd3 22. Qxd3 b2 23. Nd2 Rc1 24. e4 Rxf1+ 25. Rxf1 Nc6 26. Nf3 Nxd4 27.
Nxd4 Bc5 28. Kh1 Bxd4 29. h4 Rc8 30. Qf3 Rc7 31. Qf6 Bxe5 32. Qxe5 b1=Q 33.
Rxb1 Qxb1+ 34. Kh2 Rc8 35. h5 Qc2 36. Qf6 Qxe4 37. h6 Kf8 38. Qh8+ Ke7 39. Qxc8
Qf4+ 40. Kg1 Qe3+ 41. Kf1 Qxa3 42. Qc7+ Kf6 43. Qf4+ Ke7 44. Qc7+ Ke8 45. Qc8+
Ke7 46. Qc7+ Kf6 47. Qf4+ 1/2-1/2

[Event "FIDE TURNIR 2014"]
[Site "Ljubljana"]
[Date "2014.04.09"]
[Round "2.7"]
[White "Ocepek, Jan"]
[Black "Siraj, Anej"]
[Result "0-1"]
[WhiteElo "1342"]
[BlackElo "1427"]
[PlyCount "73"]
[EventDate "2014.04.09"]

1. e4 e5 2. Nf3 Nc6 3. Bb5 Bc5 4. O-O Nf6 5. Nc3 d6 6. h3 Be6 7. Bxc6+ bxc6 8.
d4 exd4 9. Nxd4 O-O 10. Bg5 h6 11. Bh4 d5 12. e5 g5 13. exf6 gxh4 14. Nxe6 fxe6
15. Qg4+ Kf7 16. Qg7+ Ke8 17. Rae1 Qxf6 18. Qxf6 Rxf6 19. Re2 Kd7 20. a3 Rb8
21. b4 Bd6 22. Na4 Rb5 23. Rd2 Ke7 24. Re1 a5 25. Nc3 Rb7 26. b5 Kd7 27. bxc6+
Kxc6 28. Rde2 Kd7 29. Re3 d4 30. Ne4 dxe3 31. Nxf6+ Ke7 32. Ng8+ Kd7 33. Nxh6
exf2+ 34. Kxf2 Bg3+ 35. Kf1 Bxe1 36. Kxe1 Rb2 37. c3 0-1

[Event "FIDE TURNIR 2014"]
[Site "Ljubljana"]
[Date "2014.04.09"]
[Round "2.9"]
[White "Koderman, Maj"]
[Black "Malkoc, Patrik"]
[Result "0-1"]
[WhiteElo "1500"]
[BlackElo "1189"]
[PlyCount "34"]
[EventDate "2014.04.09"]

1. e4 e6 2. d4 d5 3. Nc3 Nf6 4. Bd3 c5 5. Nf3 Nc6 6. Be3 Qb6 7. b3 cxd4 8. Na4
Qd8 9. Bd2 dxe4 10. Bxe4 Nxe4 11. O-O Bd6 12. Bc1 Qc7 13. Bb2 b5 14. Nxd4 bxa4
15. Nxc6 Qxc6 16. Bxg7 Rg8 17. Bb2 Nc3 0-1

[Event "FIDE TURNIR 2014"]
[Site "Ljubljana"]
[Date "2014.04.09"]
[Round "2.10"]
[White "Tisler, Janez"]
[Black "Cerkvenik, Simon"]
[Result "0-1"]
[WhiteElo "1589"]
[BlackElo "1708"]
[PlyCount "92"]
[EventDate "2014.04.09"]

1. f4 d5 2. Nf3 Nf6 3. e3 e6 4. b3 Be7 5. Bb2 O-O 6. Bd3 Nbd7 7. O-O b6 8. Nc3
Bb7 9. Ne2 Nc5 10. Ned4 Nxd3 11. cxd3 Nd7 12. Qc2 c5 13. Ne2 Rc8 14. a4 Ba6 15.
Rf2 f6 16. Nc3 Bd6 17. Nb5 Bb8 18. Qd1 Bxb5 19. axb5 Qe7 20. Ne1 e5 21. f5 e4
22. Ra4 Rfe8 23. Qe2 Qf7 24. d4 cxd4 25. Bxd4 Rc1 26. Rf1 Rb1 27. Nc2 Rxf1+ 28.
Kxf1 Nc5 29. Bxc5 bxc5 30. g4 Qc7 31. Ra6 Qe5 32. d4 exd3 33. Qxd3 h6 34. Qd2
Qe4 35. Qg2 Qd3+ 36. Ke1 Qxb3 37. Re6 Rxe6 38. fxe6 Qc3+ 39. Kd1 Qe5 40. Qg3
Qxg3 41. hxg3 Kf8 42. Ne1 Bxg3 43. Nd3 Bd6 44. Nf4 Bxf4 45. exf4 g6 46. Ke2 Ke7
0-1

[Event "FIDE TURNIR 2014"]
[Site "Ljubljana"]
[Date "2014.04.09"]
[Round "2.11"]
[White "Zaloznik, Vesna"]
[Black "Jelen, Miha"]
[Result "0-1"]
[WhiteElo "1594"]
[BlackElo "1533"]
[PlyCount "36"]
[EventDate "2014.04.09"]

1. e4 e5 2. Nf3 Nc6 3. Bc4 Nf6 4. Ng5 d5 5. exd5 Na5 6. Bb5+ Bd7 7. Qe2 Bd6 8.
d4 O-O 9. dxe5 Bxe5 10. O-O Re8 11. Qd3 Bxb5 12. Qxb5 Qxd5 13. Qxd5 Nxd5 14. c3
Rad8 15. b4 Nc4 16. Be3 Ncxe3 17. fxe3 Bf6 18. e4 Ne3 0-1

[Event "FIDE TURNIR 2014"]
[Site "Ljubljana"]
[Date "2014.04.09"]
[Round "2.12"]
[White "Kozarski, Aleksander"]
[Black "Unuk, Jan"]
[Result "1-0"]
[WhiteElo "1557"]
[BlackElo "1570"]
[PlyCount "67"]
[EventDate "2014.04.09"]

1. e4 e6 2. f4 d5 3. e5 c5 4. c3 Nc6 5. Nf3 Bd7 6. d4 Qc7 7. Be3 cxd4 8. cxd4
Bb4+ 9. Nc3 f6 10. Nh4 g6 11. Bd3 O-O-O 12. Rc1 Qa5 13. O-O fxe5 14. fxe5 Bxc3
15. Rxc3 Qxa2 16. Qe2 Qa5 17. Rfc1 Kb8 18. Nf3 Rc8 19. Ng5 Nge7 20. Nf7 Rhf8
21. Nd6 Rcd8 22. Rc5 Qc7 23. b4 a6 24. b5 axb5 25. Nxb5 Qb6 26. Nd6 Bc8 27. Rb1
Qc7 28. Qa2 Nf5 29. Bxf5 gxf5 30. Rcb5 Rd7 31. Ra1 Qd8 32. Qa8+ Kc7 33. Rxb7+
Bxb7 34. Qxb7# 1-0

[Event "FIDE TURNIR 2014"]
[Site "Ljubljana"]
[Date "2014.04.09"]
[Round "2.13"]
[White "Kmetic, Andrej"]
[Black "Tisaj, Domen"]
[Result "0-1"]
[WhiteElo "1397"]
[BlackElo "1588"]
[PlyCount "82"]
[EventDate "2014.04.09"]

1. d4 d5 2. Nf3 Nf6 3. e3 Bg4 4. h3 Bh5 5. c4 c6 6. g4 Bg6 7. Ne5 Nbd7 8. h4 e6
9. Nxg6 hxg6 10. Nc3 Bd6 11. g5 Nh5 12. c5 Bc7 13. Bd3 e5 14. Bd2 Qe7 15. Qe2
O-O-O 16. O-O-O Rhe8 17. Rdf1 Nf8 18. Be1 Ne6 19. Qg4 Kb8 20. Ne2 Qd7 21. Qg2
exd4 22. exd4 Nhf4 23. Nxf4 Bxf4+ 24. Kb1 Nxd4 25. Bc3 Ne6 26. Qg4 Bc7 27. Qb4
Ka8 28. Bd4 Nxd4 29. Qxd4 Be5 30. Qb4 Re7 31. f4 Bc7 32. Qd4 Rg8 33. h5 gxh5
34. Bh7 Rge8 35. Rxh5 g6 36. Rh2 Re1+ 37. Rxe1 Rxe1+ 38. Kc2 Qf5+ 39. Kb3 Re4
40. Qh8+ Bb8 41. Rc2 Qxf4 0-1

[Event "FIDE TURNIR 2014"]
[Site "Ljubljana"]
[Date "2014.04.09"]
[Round "2.14"]
[White "Marn, Jan"]
[Black "Bajt, Ales"]
[Result "1-0"]
[WhiteElo "1335"]
[BlackElo "1292"]
[PlyCount "133"]
[EventDate "2014.04.09"]

1. e4 e5 2. Bc4 Bc5 3. Nf3 Nc6 4. Nc3 Nf6 5. O-O O-O 6. d3 h6 7. Be3 Bb6 8. Qd2
Ng4 9. Nd5 Nxe3 10. Nxe3 d6 11. c3 Na5 12. d4 exd4 13. cxd4 Nxc4 14. Nxc4 Bg4
15. Nxb6 axb6 16. Ne1 Re8 17. f3 Bh5 18. Nd3 Bg6 19. Rfd1 Bh7 20. a3 Ra4 21.
Nf2 Qf6 22. Rac1 c6 23. Ng4 Qe7 24. e5 d5 25. f4 Be4 26. Nf2 Bf5 27. g4 Bd7 28.
f5 Qh4 29. Kg2 g6 30. Qc2 Rc4 31. Qb1 gxf5 32. Rxc4 dxc4 33. gxf5 Qg5+ 34. Kh1
Qxf5 35. Rg1+ Kh7 36. Ne4 Qf3+ 37. Rg2 Bf5 38. Nf6+ Kh8 39. Qc1 Qh3 40. Rg3 Qh4
41. Qd2 Be4+ 42. Kg1 Rd8 43. Nxe4 Rg8 44. Qe3 Rxg3+ 45. hxg3 Qh5 46. Nf6 Qd1+
47. Kh2 Qc2+ 48. Kh3 Qf5+ 49. Kh4 Kg7 50. Nh5+ Kh7 51. Qf4 Qg6 52. g4 b5 53.
Nf6+ Kg7 54. Qf5 b6 55. Nd7 c5 56. dxc5 bxc5 57. Nxc5 Qc6 58. Ne4 Qd5 59. g5
hxg5+ 60. Qxg5+ Kf8 61. Qh6+ Ke7 62. Qd6+ Qxd6 63. Nxd6 f6 64. exf6+ Kxd6 65.
Kg5 Kd7 66. Kg6 Ke8 67. Kg5 1-0

[Event "FIDE TURNIR 2014"]
[Site "Ljubljana"]
[Date "2014.04.09"]
[Round "2.15"]
[White "Mazzini, Katarina"]
[Black "Unuk, Robert"]
[Result "0-1"]
[WhiteElo "1213"]
[BlackElo "1499"]
[PlyCount "54"]
[EventDate "2014.04.09"]

1. e4 d5 2. Nc3 d4 3. Nce2 e5 4. f4 Nc6 5. d3 Nge7 6. Nf3 Ng6 7. f5 Nge7 8. Ng3
f6 9. Be2 Qd6 10. O-O Bd7 11. Bd2 g6 12. Nh4 O-O-O 13. fxg6 hxg6 14. Nf3 Bh6
15. Qc1 Bxd2 16. Qxd2 Rdf8 17. Rad1 f5 18. Ng5 f4 19. Nh1 Qf6 20. Nf3 g5 21.
Qe1 Ng6 22. Nf2 g4 23. Nd2 Qh4 24. h3 f3 25. gxf3 g3 26. Ng4 Qxh3 27. Nc4 Qh1#
0-1

[Event "FIDE TURNIR 2014"]
[Site "Ljubljana"]
[Date "2014.04.09"]
[Round "2.16"]
[White "Vujic, Nikola"]
[Black "Trplan, Filip"]
[Result "1-0"]
[WhiteElo "1500"]
[BlackElo "1243"]
[PlyCount "29"]
[EventDate "2014.04.09"]

1. d4 d5 2. Bf4 Nf6 3. Nc3 Nc6 4. Nb5 e5 5. dxe5 a6 6. exf6 axb5 7. fxg7 Bxg7
8. c3 Bf5 9. Qb3 b4 10. Bd2 bxc3 11. Bxc3 d4 12. O-O-O b6 13. e3 d3 14. Bxg7
Nd4 15. Bxd4 1-0

[Event "FIDE TURNIR 2014"]
[Site "Ljubljana"]
[Date "2014.05.06"]
[Round "2.17"]
[White "Zupanic Leksan, Uros"]
[Black "Piciga, Aleksander"]
[Result "0-1"]
[WhiteElo "1550"]
[BlackElo "1392"]
[PlyCount "48"]
[EventDate "2014.04.09"]

1. e4 e6 2. Bc4 d5 3. exd5 exd5 4. Bb3 Nf6 5. Nf3 Bd6 6. Nc3 c6 7. d3 O-O 8.
Bg5 Re8+ 9. Ne2 Bg4 10. Rg1 Bxf3 11. gxf3 Bxh2 12. Rg2 Bd6 13. Bh6 Bf8 14. Qd2
Kh8 15. Bg5 Qe7 16. Rh2 Qe5 17. Rh1 Qxb2 18. Bxf6 Qxf6 19. c3 Qxf3 20. Rh2 Nd7
21. Bd1 Bd6 22. Rh4 Nc5 23. d4 Nd3+ 24. Kf1 Qxf2# 0-1

[Event "FIDE TURNIR 2014"]
[Site "Ljubljana"]
[Date "2014.04.09"]
[Round "2.18"]
[White "Zaloznik S., Gal"]
[Black "Drobnic, Rok"]
[Result "0-1"]
[WhiteElo "1500"]
[BlackElo "1196"]
[PlyCount "78"]
[EventDate "2014.04.09"]

1. e4 c5 2. Bc4 Nf6 3. Nf3 Nxe4 4. Ne5 e6 5. Qf3 Nf6 6. d3 d5 7. Bb5+ Bd7 8.
Nxd7 Nbxd7 9. Bg5 Be7 10. Qe3 a6 11. Bxd7+ Nxd7 12. Bxe7 Qxe7 13. Qf3 O-O 14.
c4 Rab8 15. O-O Nb6 16. cxd5 Nxd5 17. Re1 Nb4 18. Re2 Rfd8 19. Qg3 Nxd3 20. Rd2
Nb4 21. Rxd8+ Rxd8 22. Nc3 Qd7 23. h3 Qd6 24. Rd1 Qe7 25. Rxd8+ Qxd8 26. Ne4 b6
27. Nf6+ Kf8 28. Nxh7+ Kg8 29. Nf6+ Qxf6 30. Qb8+ Kh7 31. Qxb6 Qxb2 32. a3 Qc1+
33. Kh2 Nd3 34. Qb3 Qf4+ 35. Kg1 Qxf2+ 36. Kh2 Ne1 37. Qb1+ g6 38. Qxg6+ Kxg6
39. a4 Qxg2# 0-1

[Event "FIDE TURNIR 2014"]
[Site "Ljubljana"]
[Date "2014.04.09"]
[Round "2.19"]
[White "Vah, Denis"]
[Black "Adamic, Nejc"]
[Result "1-0"]
[WhiteElo "1500"]
[BlackElo "1500"]
[PlyCount "45"]
[EventDate "2014.04.09"]

1. e4 e5 2. Nf3 Nc6 3. d4 exd4 4. Nxd4 Nxd4 5. Qxd4 d6 6. Bc4 Nf6 7. Nc3 Be7 8.
O-O O-O 9. Be3 c6 10. a3 d5 11. exd5 cxd5 12. Bxd5 Nxd5 13. Nxd5 Be6 14. Nxe7+
Qxe7 15. Qf4 g6 16. b4 b6 17. Bd4 Rac8 18. c3 Qb7 19. Qf6 Qxg2+ 20. Kxg2 Bh3+
21. Kxh3 Rxc3+ 22. Bxc3 Rd8 23. Qxd8# 1-0

[Event "FIDE TURNIR 2014"]
[Site "Ljubljana"]
[Date "2014.05.06"]
[Round "2.20"]
[White "More, Erlend"]
[Black "Paternoster, Janez"]
[Result "1-0"]
[WhiteElo "1693"]
[BlackElo "1575"]
[PlyCount "55"]
[EventDate "2014.04.09"]

1. d4 d5 2. c4 c6 3. Nc3 Nf6 4. Bg5 Bf5 5. e3 Nbd7 6. Nf3 e6 7. cxd5 exd5 8.
Bd3 Bxd3 9. Qxd3 Bb4 10. O-O O-O 11. Ne5 Be7 12. f4 h6 13. Bh4 Nh5 14. Bxe7
Qxe7 15. Rf3 Rfe8 16. Rh3 Nhf6 17. Rf1 Qe6 18. Rff3 Rac8 19. b4 Qd6 20. a3 b6
21. Rfg3 a5 22. Rxh6 Re7 23. Qf5 Kf8 24. Rh8+ Ng8 25. Ng6+ Ke8 26. Rxg8+ Nf8
27. Qxc8+ Qd8 28. Rxf8# 1-0

[Event "FIDE TURNIR 2014"]
[Site "Ljubljana"]
[Date "2014.04.09"]
[Round "2.21"]
[White "Drobnic, Simona"]
[Black "Subelj, Jan"]
[Result "0-1"]
[WhiteElo "1412"]
[BlackElo "1611"]
[PlyCount "72"]
[EventDate "2014.04.09"]

1. e4 e5 2. Nf3 Nc6 3. Bb5 a6 4. Ba4 Nf6 5. O-O b5 6. Bb3 Be7 7. Re1 O-O 8. d4
d6 9. c3 Bg4 10. dxe5 Nxe5 11. Nbd2 c5 12. h3 Bh5 13. Re3 c4 14. Bc2 Nfd7 15.
Qe1 Nc5 16. Nxe5 dxe5 17. Qf1 Bg5 18. Re1 Bxd2 19. Bxd2 Qxd2 20. Bd1 Bg6 21.
Re2 Qd6 22. Bc2 Qc6 23. f3 Qb6 24. Kh1 Rad8 25. Qg1 Rd6 26. Rd1 Rxd1 27. Bxd1
Nd7 28. Rd2 Qxg1+ 29. Kxg1 Nc5 30. b4 Nd3 31. Bc2 Rd8 32. Kf1 f5 33. exf5 Bxf5
34. g4 Bg6 35. h4 e4 36. fxe4 Rf8+ 0-1

[Event "FIDE TURNIR 2014"]
[Site "Ljubljana"]
[Date "2014.04.09"]
[Round "2.22"]
[White "Groselj, Kaja"]
[Black "Kmetic, Val"]
[Result "0-1"]
[WhiteElo "1396"]
[BlackElo "1470"]
[PlyCount "58"]
[EventDate "2014.04.09"]

1. e4 e5 2. Nc3 Nc6 3. Bc4 d6 4. d3 Na5 5. Bb3 Nxb3 6. axb3 g6 7. Nge2 Bg7 8.
O-O Ne7 9. f4 O-O 10. Qe1 Nc6 11. Qg3 Nb4 12. f5 Nxc2 13. Rb1 c6 14. Bd2 Qb6+
15. Kh1 Qxb3 16. Qh4 Nd4 17. Bh6 Nxe2 18. Bxg7 Kxg7 19. f6+ Kh8 20. Nxe2 Rg8
21. Ng1 g5 22. Qh5 Rg6 23. Nf3 h6 24. h4 g4 25. Ng1 Be6 26. Ne2 Qxd3 27. Nc3 g3
28. Rbd1 Qa6 29. Ne2 Bg4 0-1

[Event "FIDE TURNIR 2014"]
[Site "Ljubljana"]
[Date "2014.04.09"]
[Round "2.23"]
[White "Bogataj, Tomaz"]
[Black "Bajt, Hana"]
[Result "1-0"]
[WhiteElo "1697"]
[BlackElo "1396"]
[PlyCount "45"]
[EventDate "2014.04.09"]

1. d4 d5 2. e3 Nf6 3. c4 c6 4. Nc3 e6 5. Nf3 Be7 6. Bd3 b6 7. Ne5 Bb7 8. f4
Nbd7 9. cxd5 cxd5 10. O-O O-O 11. Qf3 Rc8 12. g4 h6 13. g5 hxg5 14. fxg5 Nxe5
15. dxe5 Nh7 16. Bxh7+ Kxh7 17. Qh5+ Kg8 18. Rf3 Bxg5 19. Rh3 Bh6 20. e4 f6 21.
Bxh6 gxh6 22. Qg6+ Kh8 23. Rxh6# 1-0

[Event "FIDE TURNIR 2014"]
[Site "Ljubljana"]
[Date "2014.04.09"]
[Round "2.24"]
[White "Jovanovski, Vangel"]
[Black "Novak, Anze"]
[Result "1/2-1/2"]
[WhiteElo "1668"]
[BlackElo "1677"]
[PlyCount "116"]
[EventDate "2014.04.09"]

1. e4 c6 2. Nf3 d5 3. Nc3 dxe4 4. Nxe4 Nd7 5. Bc4 Ngf6 6. Ng3 e6 7. O-O Bd6 8.
Ne2 b5 9. Bb3 Nc5 10. d3 Nxb3 11. axb3 h6 12. Bf4 Bxf4 13. Nxf4 Qd6 14. Qd2 O-O
15. Rfe1 Bb7 16. Ne5 c5 17. f3 Ne4 18. Qe3 Qxe5 19. fxe4 a6 20. c3 Qd6 21. Rad1
e5 22. Nh5 Bc8 23. h3 Qg6 24. g4 f5 25. exf5 Rxf5 26. Kh2 Bb7 27. Ng3 Rf3 28.
Qxc5 Rxd3 29. Rxd3 Qxd3 30. Qxe5 Qf3 31. Qe2 Rd8 32. Qxf3 Bxf3 33. Nf1 Bd1 34.
b4 Rd6 35. Kg3 g5 36. Ne3 Rd3 37. Kh2 Rd2+ 38. Kg3 Rd3 39. Rxd1 Rxe3+ 40. Kg2
Re6 41. Kf2 Kg7 42. Rd3 Kg6 43. Re3 Rd6 44. Ke2 Kf6 45. b3 Rc6 46. Kd2 Rd6+ 47.
Kc2 Rc6 48. Rf3+ Ke5 49. Rf5+ Ke4 50. Rc5 Rf6 51. Rf5 Rxf5 52. gxf5 Kxf5 53. c4
bxc4 54. bxc4 Ke5 55. b5 axb5 56. cxb5 h5 57. Kd3 g4 58. hxg4 hxg4 1/2-1/2

[Event "FIDE TURNIR 2014"]
[Site "Ljubljana"]
[Date "2014.04.09"]
[Round "2.25"]
[White "Varga, Ivan"]
[Black "Jelen, Anja"]
[Result "1-0"]
[WhiteElo "1461"]
[BlackElo "1550"]
[PlyCount "61"]
[EventDate "2014.04.09"]

1. e4 e5 2. f4 d6 3. d4 f6 4. Bc4 Ne7 5. f5 Nbc6 6. Bb5 Qd7 7. d5 b6 8. dxc6
Nxc6 9. Qd5 Bb7 10. Qd1 O-O-O 11. Nc3 Be7 12. Bc4 Rdf8 13. Be6 Rd8 14. Bxd7+
Rxd7 15. Bd2 Rf8 16. Nd5 Nd4 17. Nf3 Nc6 18. a4 Na5 19. Qe2 c6 20. Nb4 c5 21.
Na6 g6 22. b4 Nc6 23. fxg6 hxg6 24. Nh4 g5 25. Nf5 Rdd8 26. Qg4 Bxa6 27. b5
Rde8 28. Nxe7+ Kb7 29. Nxc6 Rg8 30. Qd7+ Ka8 31. Qxa7# 1-0

[Event "FIDE TURNIR 2014"]
[Site "Ljubljana"]
[Date "2014.04.09"]
[Round "2.26"]
[White "Jersic, Aleks"]
[Black "Hvala, Inja Ajda"]
[Result "1-0"]
[WhiteElo "1538"]
[BlackElo "1519"]
[PlyCount "37"]
[EventDate "2014.04.09"]

1. e4 e6 2. d4 d5 3. e5 f6 4. f4 Nc6 5. Nf3 fxe5 6. fxe5 Nge7 7. Nc3 Ng6 8. Bb5
Bd7 9. O-O Nce7 10. Ng5 Bxb5 11. Nxb5 Qd7 12. Nc3 O-O-O 13. Nf7 Rg8 14. Nxd8
Qxd8 15. Bg5 h6 16. Bxe7 Qxe7 17. Qg4 Kb8 18. Qxg6 a6 19. Qh7 1-0

[Event "FIDE TURNIR 2014"]
[Site "Ljubljana"]
[Date "2014.04.09"]
[Round "2.27"]
[White "Hvala, Arja Ela"]
[Black "Jereb, Lana"]
[Result "0-1"]
[WhiteElo "1538"]
[BlackElo "1506"]
[PlyCount "90"]
[EventDate "2014.04.09"]

1. e4 e5 2. Nf3 Nc6 3. Bc4 Bc5 4. O-O Nf6 5. Nc3 O-O 6. d3 h6 7. Be3 Bb6 8. d4
d6 9. dxe5 dxe5 10. Qxd8 Rxd8 11. Na4 Bxe3 12. fxe3 Nxe4 13. Rad1 Bg4 14. h3
Bh5 15. Nc3 Nxc3 16. bxc3 e4 17. Rxd8+ Rxd8 18. Nd4 Ne5 19. Rf5 Nxc4 20. Rxh5
Nxe3 21. Re5 Nd1 22. Rxe4 Nxc3 23. Rg4 Rxd4 24. Rxd4 Ne2+ 25. Kf2 Nxd4 26. Ke3
Nxc2+ 27. Kd2 Nb4 28. Kc3 Nxa2+ 29. Kb2 Nb4 30. Kc3 Nd5+ 31. Kd3 Nf4+ 32. Ke3
Nxg2+ 33. Kf2 Nh4 34. Kg3 Ng6 35. Kg4 Kf8 36. Kf5 a5 37. Kg4 a4 38. Kg3 a3 39.
Kg4 a2 40. Kg3 a1=Q 41. Kg4 Qf1 42. h4 Qf4+ 43. Kh3 Qf3+ 44. Kh2 Nxh4 45. Kg1
Qg2# 0-1

[Event "FIDE TURNIR 2014"]
[Site "Ljubljana"]
[Date "2014.04.09"]
[Round "2.28"]
[White "Paternoster, Darja"]
[Black "Mlakar, Matej"]
[Result "1-0"]
[WhiteElo "1513"]
[BlackElo "1500"]
[PlyCount "116"]
[EventDate "2014.04.09"]

1. e4 e5 2. Nf3 Nc6 3. Bb5 f5 4. d3 fxe4 5. dxe4 d6 6. O-O Nf6 7. h3 Be7 8. Bg5
Bd7 9. Nc3 a6 10. Bc4 h6 11. Bxf6 Bxf6 12. Nd5 Be6 13. Nxc7+ Qxc7 14. Bxe6 Qe7
15. Bd5 Qd7 16. Nd2 Qc7 17. f4 O-O-O 18. Qg4+ Kb8 19. c4 Nd4 20. Qd1 Qc5 21.
Rb1 Ne2+ 22. Kh2 Nxf4 23. g3 Nxd5 24. cxd5 Qd4 25. Re1 Qf2+ 26. Kh1 Qxg3 27.
Qf3 Qxf3+ 28. Nxf3 Rc8 29. Rbc1 Rxc1 30. Rxc1 Rc8 31. Rxc8+ Kxc8 32. Kg2 Kc7
33. a4 Kb6 34. Nd2 Kc5 35. Kf3 Kb4 36. b3 Kc3 37. Ke3 Bg5+ 38. Kf3 Bxd2 39. Kg4
g6 40. h4 Kxb3 41. h5 gxh5+ 42. Kxh5 Kxa4 43. Kg6 b5 44. Kf6 Bb4 45. Kf5 Bc5
46. Kg4 b4 47. Kf3 b3 48. Kg4 b2 49. Kf5 b1=Q 50. Ke6 Qxe4 51. Kd7 Qxd5 52. Kc7
e4 53. Kd7 e3 54. Kc7 e2 55. Kd7 e1=R 56. Kc7 Re2 57. Kd7 Qb7+ 58. Kd8 Bb6# 1-0

[Event "FIDE TURNIR 2014"]
[Site "Ljubljana"]
[Date "2014.05.06"]
[Round "3.1"]
[White "Cerkvenik, Simon"]
[Black "Unuk, Laura"]
[Result "0-1"]
[WhiteElo "1708"]
[BlackElo "2046"]
[PlyCount "84"]
[EventDate "2014.04.16"]

1. e4 e6 2. d4 d5 3. Nd2 Nf6 4. e5 Nfd7 5. f4 c5 6. Ngf3 Nc6 7. Bd3 cxd4 8. a3
Be7 9. O-O Qb6 10. Nb3 a5 11. Qe1 a4 12. Nbd2 Nc5 13. Qg3 g6 14. h3 Bd7 15. Nh2
h5 16. Nhf3 Nxd3 17. cxd3 O-O-O 18. b4 Qb5 19. Ng5 Rdf8 20. Bb2 h4 21. Qe1 Qxd3
22. Rf3 Qb5 23. Rf1 f6 24. Ngf3 fxe5 25. Nxe5 Rhg8 26. Rc1 g5 27. f5 Rf6 28.
Bxd4 exf5 29. Nxc6 bxc6 30. Qxe7 Re6 31. Qc5 Qxc5 32. Bxc5 g4 33. hxg4 Rxg4 34.
Kf2 f4 35. Rce1 Rh6 36. Nf3 Rg3 37. Rh1 Bg4 38. Be7 h3 39. Ne5 Rxg2+ 40. Kf1
Bf5 41. Rd1 Re6 42. Nf7 Bg4 0-1